<?xml version="1.0" encoding="UTF-8"?>
<collection xmlns="http://www.loc.gov/MARC21/slim">
 <record>
  <leader>03582nam a22004698i 4500</leader>
  <controlfield tag="001">000389632</controlfield>
  <controlfield tag="003">UkCbUP</controlfield>
  <controlfield tag="005">20220107135832.0</controlfield>
  <controlfield tag="005">20190906104116.0</controlfield>
  <controlfield tag="006">m|||||o||d||||||||</controlfield>
  <controlfield tag="007">cr||||||||||||</controlfield>
  <controlfield tag="008">161005s2017||||enk     o     ||1 0|eng|d</controlfield>
  <datafield tag="STA" ind1=" " ind2=" ">
   <subfield code="a">NEZPRACOVANÝ IMPORT</subfield>
  </datafield>
  <datafield tag="020" ind1=" " ind2=" ">
   <subfield code="a">9781108164085 (ebook)</subfield>
  </datafield>
  <datafield tag="020" ind1=" " ind2=" ">
   <subfield code="z">9781107195394 (hardback)</subfield>
  </datafield>
  <datafield tag="040" ind1=" " ind2=" ">
   <subfield code="a">UkCbUP</subfield>
   <subfield code="b">eng</subfield>
   <subfield code="e">rda</subfield>
   <subfield code="c">UkCbUP</subfield>
  </datafield>
  <datafield tag="050" ind1=" " ind2="4">
   <subfield code="a">Q342</subfield>
   <subfield code="b">.P66 2017</subfield>
  </datafield>
  <datafield tag="082" ind1="0" ind2="4">
   <subfield code="a">006.3</subfield>
   <subfield code="2">23</subfield>
  </datafield>
  <datafield tag="100" ind1="1" ind2=" ">
   <subfield code="a">Poole, David L.</subfield>
   <subfield code="q">(David Lynton),</subfield>
   <subfield code="d">1958-</subfield>
   <subfield code="e">author.</subfield>
  </datafield>
  <datafield tag="245" ind1="1" ind2="0">
   <subfield code="a">Artificial intelligence :</subfield>
   <subfield code="b">foundations of computational agents /</subfield>
   <subfield code="c">David L. Poole, Alan K. Mackworth.</subfield>
  </datafield>
  <datafield tag="250" ind1=" " ind2=" ">
   <subfield code="a">Second edition.</subfield>
  </datafield>
  <datafield tag="264" ind1=" " ind2="1">
   <subfield code="a">Cambridge :</subfield>
   <subfield code="b">Cambridge University Press,</subfield>
   <subfield code="c">2017.</subfield>
  </datafield>
  <datafield tag="300" ind1=" " ind2=" ">
   <subfield code="a">1 online resource (xxviii, 792 pages) :</subfield>
   <subfield code="b">digital, PDF file(s).</subfield>
  </datafield>
  <datafield tag="336" ind1=" " ind2=" ">
   <subfield code="a">text</subfield>
   <subfield code="b">txt</subfield>
   <subfield code="2">rdacontent</subfield>
  </datafield>
  <datafield tag="337" ind1=" " ind2=" ">
   <subfield code="a">computer</subfield>
   <subfield code="b">c</subfield>
   <subfield code="2">rdamedia</subfield>
  </datafield>
  <datafield tag="338" ind1=" " ind2=" ">
   <subfield code="a">online resource</subfield>
   <subfield code="b">cr</subfield>
   <subfield code="2">rdacarrier</subfield>
  </datafield>
  <datafield tag="500" ind1=" " ind2=" ">
   <subfield code="a">Title from publisher's bibliographic system (viewed on 12 Aug 2019).</subfield>
  </datafield>
  <datafield tag="505" ind1="8" ind2=" ">
   <subfield code="a">Machine generated contents note: Part I. Agents in the World: What Are Agents and How Can They Be Built?: 1. Artificial intelligence and agents; 2. Agent architectures and hierarchical control; Part II. Representing and Reasoning: 3. States and searching; 4. Features and constraints; 5. Propositions and inference; 6. Reasoning under uncertainty; Part III. Learning and Planning: 7. Learning: overview and supervised learning; 8. Planning with certainty; 9. Planning under uncertainty; 10. Multiagent systems; 11. Beyond supervised learning; Part IV. Reasoning about Individuals and Relations: 12. Individuals and relations; 13. Ontologies and knowledge-based systems; 14. Relational planning, learning and probabilistic reasoning; Part V. The Big Picture: 15. Retrospect and prospect; Appendix A. Mathematical preliminaries and notation.</subfield>
  </datafield>
  <datafield tag="520" ind1=" " ind2=" ">
   <subfield code="a">Artificial intelligence, including machine learning, has emerged as a transformational science and engineering discipline. Artificial Intelligence: Foundations of Computational Agents presents AI using a coherent framework to study the design of intelligent computational agents. By showing how the basic approaches fit into a multidimensional design space, readers learn the fundamentals without losing sight of the bigger picture. The new edition also features expanded coverage on machine learning material, as well as on the social and ethical consequences of AI and ML. The book balances theory and experiment, showing how to link them together, and develops the science of AI together with its engineering applications. Although structured as an undergraduate and graduate textbook, the book's straightforward, self-contained style will also appeal to an audience of professionals, researchers, and independent learners. The second edition is well-supported by strong pedagogical features and online resources to enhance student comprehension.</subfield>
  </datafield>
  <datafield tag="655" ind1=" " ind2="7">
   <subfield code="a">elektronické knihy</subfield>
   <subfield code="7">fd186907</subfield>
   <subfield code="2">czenas</subfield>
  </datafield>
  <datafield tag="655" ind1=" " ind2="9">
   <subfield code="a">electronic books</subfield>
   <subfield code="2">eczenas</subfield>
  </datafield>
  <datafield tag="650" ind1=" " ind2="0">
   <subfield code="a">Computational intelligence</subfield>
   <subfield code="v">Textbooks.</subfield>
  </datafield>
  <datafield tag="650" ind1=" " ind2="0">
   <subfield code="a">Artificial intelligence</subfield>
   <subfield code="v">Textbooks.</subfield>
  </datafield>
  <datafield tag="700" ind1="1" ind2=" ">
   <subfield code="a">Mackworth, Alan K.,</subfield>
   <subfield code="e">author.</subfield>
  </datafield>
  <datafield tag="776" ind1="0" ind2="8">
   <subfield code="i">Print version:</subfield>
   <subfield code="z">9781107195394</subfield>
  </datafield>
  <datafield tag="856" ind1="4" ind2="2">
   <subfield code="u">https://knihovna.vse.cz/zdroje/cambridge-core-books-and-textbooks/?info</subfield>
   <subfield code="y">Informace o práci s e-knihami</subfield>
  </datafield>
  <datafield tag="856" ind1="4" ind2="0">
   <subfield code="u">https://zdroje.vse.cz/login?url=https://doi.org/10.1017/9781108164085</subfield>
   <subfield code="y">Plný text</subfield>
  </datafield>
  <datafield tag="BAS" ind1=" " ind2=" ">
   <subfield code="a">CAMBRIDGE-EBA</subfield>
  </datafield>
  <datafield tag="BAS" ind1=" " ind2=" ">
   <subfield code="a">EB</subfield>
  </datafield>
  <datafield tag="993" ind1=" " ind2=" ">
   <subfield code="x">NEPOSILAT</subfield>
   <subfield code="y">EB</subfield>
  </datafield>
 </record>
</collection>
